000 00798nam a2200241 a 4500
001 000013065
005 20200929163130.0
008 870210s1986 sp b 000 0 spa
010 _a86214213
020 _a8472941949
040 _aDO-SdBNP
_cDLC
_dDLC
043 _ae-sp---
050 0 0 _aKKT4607.4
_b.P76 1986
245 0 4 _aLos Procedimientos penales :
_bformularios, comentarios y jurisprudencia /
_cJuan Pique Vidal ... [et al.].
250 _a1a ed.
260 _aBarcelona :
_bLibreria Bosch,
_c1986.
300 _axxxvii, 619 p. ;
_c25 cm.
440 0 _aColeccion de formularios juridicos
_930196
504 _aBibliography: p. [xxix]-xxxii.
650 0 _aCriminal procedure
_zSpain
_xForms.
_930197
700 2 _aPique Vidal, Juan.
_930198
082 0 0 _a345.46/05/0269
_a344.60550269
_219
999 _c12707
_d12707